Statistiques concernant À quel disney ou pixar appartient ce personnage #4

Cliquez ici pour prendre le quiz!

Statistiques générales

  • Ce quiz a été pris 242 fois
  • Le résultat moyen est 7 sur 12

Statistiques - réponses

HintPersonnageDisney/Pixar% Correct
12NalaLe roi lion
93%
7WendyPeter pan
91%
9MushuMulan
90%
1Riley AndersenVice Versa
81%
3TamatoaVaiana
74%
8PongoLes 101 dalmatiens
72%
2LotsoToy story 3
70%
10VioletteLes indestructibles
68%
11BaileyLe monde de Dory
26%
6NamaariRaya et le dernier dragon
25%
5HoneymarenLa reine des neiges 2
13%
4LibbyLe voyage d'Arlo
6%

Distribution des résultats

Percentile par nombre de réponses

% des personnes avec chaque résultat

Votre développement - résultats

Vous n’avez pas pris ce quiz